Statistieken voor Wetenschappelijke eenheden

Klik hier om de quiz te nemen!

Algemene statistieken

  • Deze quiz is 218 keer genomen
  • De gemiddelde score is 16 van 49

Antwoordstatistieken

SymboolEenheid of voorvoegsel% Correct
kKilo
100%
kgKilogram
96%
mMeter
91%
molMol
63%
HzHertz
61%
cCenti
59%
dDeci
58%
mMilli
58%
sSeconde
58%
hHecto
51%
MMega
51%
WWatt
50%
AAmpère
49%
GGiga
49%
µMicro
48%
nNano
48%
JJoule
46%
daDeca
44%
PaPascal
43%
KKelvin
40%
ΩOhm
39%
TTera
39%
VVolt
37%
°CGraden Celsius
36%
NNewton
36%
radRadiaal
36%
pPico
32%
CCoulomb
18%
WbWeber
15%
PPeta
13%
BqBecquerel
12%
ZZetta
12%
cdCandela
11%
YYotta
11%
lmLumen
10%
lxLux
10%
SvSievert
10%
fFemto
9%
FFarad
8%
GyGray
8%
aAtto
7%
TTesla
6%
EExa
5%
katKatal
4%
yYocto
4%
zZepto
4%
HHenry
3%
SSiemens
3%
srSteradiaal
3%

Scoreverdeling

Percentiel versus Aantal Correcte Antwoorden

Procent van Mensen met Elke Score

Uw Scoregeschiedenis

U heeft deze quiz nog niet genomen